Исследование контактных нагрузок при врезании; Высокие технологии в современной науке и технике (ВТСНТ-2017)

Podrobná bibliografie
Parent link:Высокие технологии в современной науке и технике (ВТСНТ-2017).— 2017.— [С. 315-316]
Korporativní autor: Национальный исследовательский Томский политехнический университет (ТПУ) Институт кибернетики (ИК) Кафедра технологии машиностроения и промышленной робототехники (ТМСПР)
Další autoři: Козлов В. Н. Виктор Николаевич (научный руководитель), Чжан Цзай, Го И., Сабават С. К.
Shrnutí:Заглавие с титульного экрана
Jazyk:ruština
Vydáno: 2017
Edice:Проблемы надежности машиностроения и машиностроительные технологии
Témata:
On-line přístup:http://earchive.tpu.ru/handle/11683/45423
Médium: MixedMaterials Elektronický zdroj Kapitola
KOHA link:https://koha.lib.tpu.ru/cgi-bin/koha/opac-detail.pl?biblionumber=625566

MARC

LEADER 00000naa2a2200000 4500
001 625566
005 20240223120107.0
035 |a (RuTPU)RU\TPU\conf\24826 
035 |a RU\TPU\conf\24823 
090 |a 625566 
100 |a 20171215d2017 k y0rusy50 ca 
101 0 |a rus 
102 |a RU 
105 |a y z 101zy 
135 |a drcn ---uucaa 
181 0 |a i  
182 0 |a b 
200 1 |a Исследование контактных нагрузок при врезании  |f В. Н. Козлов [и др.]  |g науч. рук. В. Н. Козлов 
203 |a Текст  |c электронный 
225 1 |a Проблемы надежности машиностроения и машиностроительные технологии 
300 |a Заглавие с титульного экрана 
320 |a [Библиогр.: с. 316 (5 назв.)] 
463 1 |0 (RuTPU)RU\TPU\conf\24481  |t Высокие технологии в современной науке и технике (ВТСНТ-2017)  |o сборник научных трудов VI Международной научно-технической конференции молодых ученых, аспирантов и студентов, г. Томск, 27–29 ноября 2017 г.  |f Национальный исследовательский Томский политехнический университет (ТПУ) ; под ред. А. Н. Яковлева  |v [С. 315-316]  |d 2017 
610 1 |a электронные ресурсы 
610 1 |a труды учёных ТПУ 
610 1 |a фрезерование 
610 1 |a сила резания 
610 1 |a динамометры 
610 1 |a контактные напряжения 
610 1 |a измерения 
701 1 |a Козлов  |b В. Н.  |c специалист в области машиностроения  |c доцент Томского политехнического университета, кандидат технических наук  |f 1958-  |g Виктор Николаевич  |3 (RuTPU)RU\TPU\pers\29308  |9 13895 
701 0 |a Чжан Цзай  |c древнекитайский философ  |f 1020-1077  |3 (RuTPU)RU\TPU\pers\7643  |9 1489 
701 1 |a Го  |b И. 
701 1 |a Сабават  |b С. К. 
702 1 |a Козлов  |b В. Н.  |c специалист в области машиностроения  |c доцент Томского политехнического университета, кандидат технических наук  |f 1958-  |g Виктор Николаевич  |4 727 
712 0 2 |a Национальный исследовательский Томский политехнический университет (ТПУ)  |b Институт кибернетики (ИК)  |b Кафедра технологии машиностроения и промышленной робототехники (ТМСПР)  |3 (RuTPU)RU\TPU\col\22620 
801 2 |a RU  |b 63413507  |c 20171220  |g RCR 
856 4 |u http://earchive.tpu.ru/handle/11683/45423 
942 |c BK